|
|
|
|
| LEADER |
00000nab a2200000 a 4500 |
| 001 |
vtls008185424 |
| 003 |
SK-MaSNL |
| 005 |
20260304005241.0 |
| 008 |
050720c20050419xo dr n 000 00slo |
| 015 |
|
|
|a SVKPORB2005/07
|
| 040 |
|
|
|a SVKPOCL
|b slo
|c SVKPO
|e AACR2
|
| 041 |
0 |
|
|a slo
|
| 044 |
|
|
|a xo
|c SK
|
| 080 |
|
|
|a 796.325.093.1
|2 UDC-MRF-SK3
|
| 245 |
0 |
0 |
|a Finále play off extraligy volejbalistov
|b tretí zápas: VK PU Prešov - VKP Bratislava 3:0
|c [autor] (jac)
|
| 300 |
|
|
|b Fotogr.
|
| 610 |
2 |
7 |
|a Volejbalový klub Prešovská univerzita (Prešov, Slovensko)
|2 svkpocl
|9 1070370
|
| 610 |
2 |
7 |
|a Volejbalový klub polície (Bratislava, Slovensko)
|2 svkpocl
|9 1097196
|
| 650 |
0 |
7 |
|a volejbal
|x extraliga
|x finále
|y sezóna 2004/2005
|2 svkpocl
|9 1285796
|
| 651 |
|
7 |
|a Prešov (Slovensko)
|2 svkpocl
|9 17347
|
| 651 |
|
7 |
|a Bratislava (Slovensko)
|2 svkpocl
|
| 773 |
0 |
|
|t Prešovský večerník
|g Roč. XVI, č. 3692 (19.4.2005)
|x 1336-4030
|
| 773 |
0 |
|
|i Príl.
|t Šport Plus
|g Č. 16 (19. apríla 2005), s. 7
|
| 852 |
|
|
|a SVKPO
|b KIS3GCP
|
| 999 |
|
|
|c 2555310
|d 2557240
|